000 00264nam a2200133Ia 4500
100 _aJog/ Nandini L
942 _cBK
654 _alogic
245 _aLogic circuits
260 _bNandu Pub
_c1998
082 _a621.395
_bJOG
300 _a264
546 _aENGLISH
999 _c23722
_d23722